Statistics for Dungeon Meshi charter fun facts

Click here to take the quiz!

General Stats

  • This quiz has been taken 5 times
  • The average score is 12 of 15

Answer Stats

QuestionAnswer% Correct
What is Izutsumi's animal halfCat
100%
Which party almost died in the water floorKabru's party
100%
What body part does Laios lose in the red dragon fightLeg
100%
What does Falin want to eat first after being revived for the last timeLiving Armor
100%
What has caused most of Chilchuck's deathsMimics
100%
What species does Senshi trade vegetables withOrcs
100%
What is Marcille's greatest fearOut living all her friends
100%
What is the name of the city the dungeon came fromThe Golden City
100%
How many kids does Chilchuck haveThree daughters
100%
What was the first monster Laios and his party ateWalking mushroom
100%
What do the elves use to communicatePixies
80%
Who feels they need to to marry LaiosOrc chieff's little sister
60%
Which of these monsters is consider a delicacy on the surfaceSlimes
60%
How many dragon(named only) where summoned by the mad wizard8
20%
What curse does Laios end up withTo never be near monsters
20%

Score Distribution

Percentile by Number Answered

Percent of People with Each Score

Your Score History

You have not taken this quiz